000
00219 a2200097 4500
001
24229
100
_a
Stearn, E.W
245
_a
College hygiene for total health
260
_a
_b
Lippincott
_c
1961
090
_c
16419
_d
16419
942
_a
NUST-CAE
_c
M
_c
7135
999
_c
259302
_d
259302